Normal view
MARC view
- Registers of Scotland
Entry Corporate Name
001 - CONTROL NUMBER
- control field: 5601
003 - CONTROL NUMBER IDENTIFIER
- control field: SIRSI
005 - DATE AND TIME OF LATEST TRANSACTION
- control field: 20190806150244.0
008 - FIXED-LENGTH DATA ELEMENTS
- fixed length control field: 080827n| acannaabn |n ana d
040 ## - CATALOGING SOURCE
- Original cataloging agency: OSt
- Transcribing agency: OSt
110 ## - HEADING--CORPORATE NAME
- Corporate name or jurisdiction name as entry element: Registers of Scotland
670 ## - SOURCE DATA FOUND
- Source citation: The Scottish housing index, 1996-